00684nam a2200241 a 4500001001300000003000900013005001700022008004100039020001000080082001900090100001800109245002200127260004300149300000800192500003500200505002000235650002100255700001800276902000800294942000700302952011600309999001700425nice12345678IN_TiNIC20260116013406.0050524s0000 hyda grp 000 0 urd  ac7.500a891.43982bIQB aIqbal, Masood aNafees Urdu Qaida aHyderabadbCommercial Book Depotc0000 a32p aincludes index and biblioraphy2 aGlossary, Index aUrdu-Coursr Book1 aIqbal, Masood bSRS cBK 001040708StackRoom-aHMIbHMId2007-06-01g7.50l0o891.43982 IQBp017392r2007-06-01v7.50w2005-05-24yBK c10834d10834